Statistics for Succession Episode Titles

Click here to take the quiz!

General Stats

  • This quiz has been taken 36 times
  • The average score is 16 of 39

Answer Stats

SeasonEpisodeTitle% Correct
43Connor's Wedding
77%
12Shit Show at the Fuck Factory
73%
48America Decides
64%
210This Is Not for Tears
59%
410With Open Eyes
59%
39All the Bells Say
55%
17Austerlitz
55%
49Church and State
55%
14Sad Sack Wasp Trap
50%
16Which Side Are You On?
50%
29DC
45%
28Dundee
45%
23Hunting
45%
110Nobody Is Ever Missing
45%
18Prague
45%
24Safe Room
45%
47Tailgate Party
45%
41The Munsters
45%
37Too Much Birthday
45%
11Celebration
41%
38Chiantishire
41%
46Living+
41%
26Argestes
36%
45Kill List
36%
19Pre-Nuptial
36%
22Vaulter
36%
44Honeymoon States
32%
15I Went to Market
32%
35Retired Janitors of Idaho
32%
31Secession
32%
25Tern Haven
32%
13Lifeboats
27%
42Rehearsal
27%
21The Summer Palace
27%
34Lion in the Meadow
18%
27Return
18%
33The Disruption
18%
32Mass in Time of War
14%
36What It Takes
14%

Score Distribution

Percentile by Number Answered

Percent of People with Each Score

Your Score History

You have not taken this quiz